000 00599nam a22001817a 4500
005 20251108173145.0
008 250721s2004 xx 000 0 ara d
020 _a1855164566
082 1 4 _aب د/338.9560961/تجا
245 1 0 _aالتجارة و الاستثمار و التنميه في الشرق الاوسط و شمال افريقيا /
264 1 _aواشنطن :
_bالبنك الدولي،
_c2004.
300 _a389ص
650 1 7 _aالتمية الاقتصادية
650 1 7 _aالشرق الأوسط
650 1 7 _aشمال افريقيا
942 _2ddc
_cBK
999 _c97344
_d97344